000 02063nam a2200397 a 4500
001 00003807
003 DO-SdBNP
005 20180314114325.0
007 00003807
008 091118s2009 dr ac 000 0 spa d
020 _a9789945171761
040 _aBPMSU
_bspa
_cBPMSU
082 0 4 _a373.6561
_bL566L 4to. 2009
245 0 0 _aLengua y literatura 4 :
_beducación media /
_cdirección editorial Luis Miguel Aguas Vanin ; coordinación Mónica Volonteri.
260 _aSanto Domingo :
_bSM,
_c2009.
300 _a279 p. :
_bil. ;
_c27 cm.
490 1 _aEducación en valores
505 0 _tTexto argumentativo. Posmodernismo I --
_tTexto argumentativo. Posmodernismo II --
_tTexto instructivo. Vanguardias europeas --
_tTexto jurídicos. Vanguardias latinoamericanas --
_tTexto científico. Vanguardias dominicanas --
_tNota de opinión. Vanguardias dominicanas --
_tReportaje. Generación española del 27 --
_tProsa poética. Género policial --
_tCuento fantástico. Literatura europea después de la Segunda Guerra --
_tLírica de canciones. Realismo mágico y boom --
_tTexto dramático. Literatura de las últimas décadas del siglo XX --
_tGuión de cine. Literatura dominicana contemporánea --
_tAnexo: Pruebas nacionales --
_tAnexo: Cronología de la literatura.
_gUnidad --
650 4 _aESPAÑOL
_xENSEÑANZA SECUNDARIA
650 4 _aLITERATURA
_xEDUCACICIÓN SECUNDARIA
650 4 _aEDUCACIÓN SECUNDARIA
_zRÉPÚBLICA DOMINICANA
650 4 _aLITERATURA
_xENSEÑANZA SECUNDARIA
650 4 _aESPAÑOL
_xEDUCACIÓN SECUNDARIA
650 4 _aESPAÑOL
_xESTUDIOS Y EJERCICIOS
650 4 _aESPAÑOL
_xLIBROS DE TEXTOS
650 4 _aLITERATURA
_xESTUDIOS Y EJERCICIOS
650 4 _aLITERATURA
_xLIBROS DE TEXTOS
650 4 _aESPAÑOL
_xESTUDIOS Y EJERCICIOS
700 1 _aVolonteri, Mónica
700 1 _aAguas Vanin, Luis Miguel,
_eed.
830 0 _pEducación en valores
910 _aValidado. Control de calidad MFF
942 _2ddc
_cBK
945 _aRemanejado para la BNPHU, 2018 / BT
956 _aLOPEREZ
_b10
_c20160401
_lBPMSU
_h00041
999 _c9486
_d9486